老子古今 : (Record no. 40700)
[ view plain ]
| 000 -LEADER | |
|---|---|
| fixed length control field | 00562nam a2200169Ia 4500 |
| 008 - FIXED-LENGTH DATA ELEMENTS--GENERAL INFORMATION | |
| fixed length control field | 220820s9999 xx 000 0 und d |
| 020 ## - INTERNATIONAL STANDARD BOOK NUMBER | |
| International Standard Book Number | 97875004560567500456050 |
| 041 ## - LANGUAGE CODE | |
| Language code of text/sound track or separate title | chi |
| 050 ## - LIBRARY OF CONGRESS CALL NUMBER | |
| Classification number | BL1900.L35 |
| Item number | .L577 2006 |
| 100 ## - MAIN ENTRY--PERSONAL NAME | |
| Personal name | 劉笑敢 |
| 245 #0 - TITLE STATEMENT | |
| Title | 老子古今 : |
| Remainder of title | 五種對勘與析評引論 / |
| Statement of responsibility, etc. | 劉笑敢 |
| 246 ## - VARYING FORM OF TITLE | |
| Title proper/short title | 老子古今 : |
| Remainder of title | 五种对勘与析评引论 / |
| 260 ## - PUBLICATION, DISTRIBUTION, ETC. | |
| Place of publication, distribution, etc. | 北京 : |
| Name of publisher, distributor, etc. | 中国社会科学出版社; |
| Date of publication, distribution, etc. | 2006 |
| 300 ## - PHYSICAL DESCRIPTION | |
| Extent | 2v. |
| Other physical details | ; |
| Dimensions | 24cm. |
| 650 ## - SUBJECT ADDED ENTRY--TOPICAL TERM | |
| Topical term or geographic name entry element | Laozi. Dao de jing -- Criticism, Textual.Laozi. Dao de jing. |
| Withdrawn status | Lost status | Damaged status | Not for loan | Home library | Current library | Shelving location | Date acquired | Cost, normal purchase price | Total Checkouts | Full call number | Barcode | Date last seen | Price effective from | Koha item type |
|---|---|---|---|---|---|---|---|---|---|---|---|---|---|---|
| GETS Theological Seminary Library | GETS Theological Seminary Library | 08/20/2022 | 12.20 | BL1900.L35 .L577 2006 v.1 | 00028806 | 08/20/2022 | 08/20/2022 | Chinese Book |